| 000 | 00854cab a2200193 4500 | ||
|---|---|---|---|
| 001 | ABS39207 | ||
| 008 | 090401t1988 xxu||||| |||| 00| 0 eng d | ||
| 035 | _a(Sirsi) u15068 | ||
| 041 | _aeng | ||
| 100 | _aWood, C. | ||
| 245 | _aEIA and BPEO: Acronyms for good environmental planning? | ||
| 260 | _c1988 | ||
| 350 | _a0 | ||
| 490 |
_aJournal of Planning and Environment Law _vMay 1988, 310(12) |
||
| 520 | _aExplains the best practical environmental option (BPEO) concept and its relevance to planning and discusses the European directive on environmental impact assessment (EIA) and British proposals for its implementation. It examines USA experience with EIA and makes recommendations to help ensure that EIA and BPEO can be equated with good environmental planning. | ||
| 690 | _aPLANNING LAW AND PRACTICE | ||
| 942 | _n0 | ||
| 948 | _c04/03/1997 | ||
| 999 |
_c9842 _d9842 |
||